Zugang zu Recht und Wirtschaftsdaten in der Europäischen Union

Enregistré dans:
Détails bibliographiques
Autres auteurs: Jahnel, Dietmar
Format: Livre
Langue:allemand
Publié: Wien MANZ 1994
Édition:1. Aufl.
Sujets:
Tags: Ajouter un tag
Pas de tags, Soyez le premier à ajouter un tag!

MARC

LEADER 00000nam a2200000 4500
001 c005929
005 20221205141240.0
020 |a 3-214-06079-1 
041 0 |a ger 
044 |a AT 
245 1 0 |a Zugang zu Recht und Wirtschaftsdaten in der Europäischen Union  |c Edit. Dietmar Jahnel 
250 |a 1. Aufl. 
264 1 |a Wien  |b MANZ  |c 1994 
300 |a 171 s. 
610 2 0 |a Európska únia 
610 2 0 |a predpisy právne 
610 2 0 |a služby informačné 
610 2 0 |a banky dát 
610 2 0 |a Rakúsko 
610 2 0 |a poriadok právny 
700 1 |a Jahnel, Dietmar